The indian businessman's guide to Australia and New Zealand / (Record no. 126906)
[ view plain ]
| 000 -LEADER | |
|---|---|
| fixed length control field | 00739nam a22002297a 4500 |
| 005 - DATE AND TIME OF LATEST TRANSACTION | |
| control field | 20170124110016.0 |
| 010 ## - LIBRARY OF CONGRESS CONTROL NUMBER | |
| LC control number | A-897102 |
| 020 ## - INTERNATIONAL STANDARD BOOK NUMBER | |
| Terms of availability | 00.00 |
| International Standard Book Number | 817240106 |
| 035 ## - SYSTEM CONTROL NUMBER | |
| System control number | A-897102 |
| 037 ## - SOURCE OF ACQUISITION | |
| Source of stock number/acquisition | Cen Lib/Ret |
| 040 ## - CATALOGING SOURCE | |
| Original cataloging agency | DPL |
| Language of cataloging | EN |
| 082 ## - DEWEY DECIMAL CLASSIFICATION NUMBER | |
| Classification number | 338.00296 |
| Item number | MAG |
| 100 ## - MAIN ENTRY--PERSONAL NAME | |
| Personal name | Mago, L.D. |
| 9 (RLIN) | 18813 |
| 245 ## - TITLE STATEMENT | |
| Title | The indian businessman's guide to Australia and New Zealand / |
| Statement of responsibility, etc | by L.D. Mago |
| 260 ## - PUBLICATION, DISTRIBUTION, ETC. (IMPRINT) | |
| Name of publisher, distributor, etc | Global Business Press |
| Place of publication, distribution, etc | New Delhi |
| Date of publication, distribution, etc | 1997 |
| 270 ## - ADDRESS | |
| City | New Delhi |
| Postal code | 110095 |
| Address | 18-19, dilshad garden, G.T. road |
| 300 ## - PHYSICAL DESCRIPTION | |
| Extent | viii, 235p. |
| Dimensions | 23cm(Hb) |
| 500 ## - GENERAL NOTE | |
| General note | Includes appendix |
| 650 ## - SUBJECT ADDED ENTRY--TOPICAL TERM | |
| Topical term or geographic name as entry element | Business information |
| Form subdivision | Guide |
| 9 (RLIN) | 18814 |
| 650 ## - SUBJECT ADDED ENTRY--TOPICAL TERM | |
| Topical term or geographic name as entry element | Commercial information |
| 9 (RLIN) | 18815 |
| 942 ## - ADDED ENTRY ELEMENTS (KOHA) | |
| Source of classification or shelving scheme | Dewey Decimal Classification |
| Koha item type | English Books |
| Classification part | 338.00296 |
| Call number suffix | MAG |
| Withdrawn status | Lost status | Damaged status | Not for loan | Home library | Current library | Date acquired | Source of acquisition | Cost, normal purchase price | Total Checkouts | Full call number | Barcode | Date last seen | Copy number | Cost, replacement price | Price effective from | Koha item type | Public note | Collection code |
|---|---|---|---|---|---|---|---|---|---|---|---|---|---|---|---|---|---|---|
| Written off | Central Library | Central Library | 26/06/2015 | Cen Lib/Ret | 0.00 | 338.00296 MAG | A-897102 | 26/06/2015 | 1 | 0.00 | 26/06/2015 | English Books | Written off on approval by DLB (By Circulation); dtd 15-06-2023 | |||||
| Not For Loan | Central Library | Central Library | 29/07/2015 | Cen Lib/Ret | 575.00 | 338.00296 MAG | A-897103 | 29/07/2015 | 1 | 575.00 | 29/07/2015 | English Books | Reference |
